000 00396nam a22001457a 4500
003 OSt
008 240203b |||||||| |||| 00| 0 eng d
020 _a9788183488396
041 _aeng
082 _a658.002
_bIBP
245 _aInstitute of Banking Personal selection success master
260 _aNew Delhi
_bArihant publications Limited
_c2012
650 _aBanking exam guide
_95816
942 _cBK
999 _c13804
_d13804